Normal view
MARC view
- Project Supervisor Dr. Usman Akram Dr. Sajid Gul Khawaja
Entry Corporate Name
001 - CONTROL NUMBER
- control field: 85443
003 - CONTROL NUMBER IDENTIFIER
- control field: NUST
005 - DATE AND TIME OF LATEST TRANSACTION
- control field: 20211202153621.0
008 - FIXED-LENGTH DATA ELEMENTS
- fixed length control field: 211202|| aca||aabn | a|a d
040 ## - CATALOGING SOURCE
- Original cataloging agency: NUST
- Transcribing agency: NUST
110 ## - HEADING--CORPORATE NAME
- Corporate name or jurisdiction name as entry element: Project Supervisor Dr. Usman Akram Dr. Sajid Gul Khawaja
670 ## - SOURCE DATA FOUND
- Source citation: Work cat.: (NUST): Ns Moeez Tariq Pc Muntaha Rehan Ns Nidal Nadeem Chughtai Ns Samreen Fatima 85442, PR-SOF-2008-Low-Cost Wearable Muscle Insight System, 2021.
